000 00569nam a2200193Ia 4500
003 OSt
005 20250902111734.0
008 210210b1976 xxu||||| |||| 00| 0 eng d
040 _cAL
041 _aKannada
082 _aK894.1 LAKR
100 _aLAKSHMA KAVI.
_dಲಕ್ಷ್ಮ ಕವಿ
_9238218
245 _aRukmangada charitre.
_bರುಕ್ಮಾಂಗದ ಚರಿತ್ರೆ.
260 _aMaisuru
_bKannada Adhyayana Samsthe Vishvavidyanilaya
_c1976
300 _alvi,234
690 _aKannada Poetry
_9238219
906 _aSG00111
942 _2ddc
_cBK
999 _c111747
_d111747